| 000 | 01713cam a2200469 i 4500 | ||
|---|---|---|---|
| 001 | ocm31115143 | ||
| 003 | OCoLC | ||
| 005 | 20250121151310.0 | ||
| 008 | 940914s1994 enk 000 1 eng d | ||
| 020 |
_a014062015X _q(pbk.) |
||
| 020 |
_a9780140620153 _q(pbk.) |
||
| 029 | 1 |
_aNLGGC _b138228566 |
|
| 029 | 1 |
_aYDXCP _b100032839 |
|
| 035 | _a(OCoLC)31115143 | ||
| 040 | _erda | ||
| 049 | _aWACL | ||
| 050 | 4 |
_aPR3403 _b.A1 1994 |
|
| 082 | 0 | 4 |
_a823.5 _223 |
| 084 |
_a18.05 _2bcl |
||
| 092 |
_aclassics _bF Defoe |
||
| 100 | 1 |
_aDefoe, Daniel, _d1661?-1731. _97546 |
|
| 245 | 1 | 0 |
_aRobinson Crusoe / _cDaniel Defoe. |
| 250 | _aPenguin/Godfrey Cave ed. | ||
| 264 | 1 |
_aHarmondsworth, Middlesex, England ; _aNew York, N.Y., USA : _bPenguin Books, _c1994. |
|
| 300 |
_a298 pages ; _c18 cm |
||
| 336 | _atext | ||
| 337 | _aunmediated | ||
| 338 | _avolume | ||
| 490 | 1 | _aPenguin popular classics | |
| 500 | _a"Complete and unabridged"--Cover | ||
| 520 | _a"The sole survivor of a shipwreck, Robinson Crusoe is washed up on a desert island. In his journal he chronicles his daily battle to stay alive, as he conquers isolation, fashions shelter and clothes, enlists the help of a native islander who he names 'Friday', and fights off cannibals and mutineers." | ||
| 650 | 0 |
_aSurvival _vFiction. _95673621 |
|
| 650 | 7 |
_aSurvival _2fast |
|
| 655 | 0 | _aSea stories. | |
| 655 | 7 |
_aAction and adventure fiction _2fast |
|
| 655 | 7 |
_aFiction _2fast _95673940 |
|
| 655 | 7 |
_aSea stories _2fast |
|
| 655 | 7 |
_aAdventure fiction. _2gsafd |
|
| 655 | 7 |
_aAction and adventure fiction. _2lcgft |
|
| 830 | 0 |
_aPenguin popular classics. _95808053 |
|
| 942 |
_2ddc _cBOOK |
||
| 999 |
_c403784 _d403784 |
||